Composer or Mathematician? Quiz Stats

 Plays Quiz Updated Nov 3, 2013

Challenge
Share
Tweet
Embed
Score 0/40 Timer 04:00
1 Play Today
Name C or M % Correct
Ludwig Van Beethoven???
95.1%
Johann Sebastian Bach???
94.9%
Wolfgang Mozart???
94.9%
Frédéric Chopin???
94.1%
Peter Ilyich Tchaikovsky???
93.9%
Antonio Vivaldi???
93.4%
George Frideric Handel???
92.1%
Igor Stravinsky???
91.9%
Franz Schubert???
91.8%
Johannes Brahms???
91.7%
Richard Wagner???
90.3%
Joseph Haydn???
89.2%
Giuseppe Verdi???
89.1%
Leonhard Euler???
88.8%
Blaise Pascal???
88.7%
Leonardo Fibonacci???
88.6%
Pierre de Fermat???
88.1%
Franz Liszt???
87.5%
René Déscartes???
87.1%
Pierre-Simon Laplace???
87%
Name C or M % Correct
Claude Debussy???
85.8%
Joseph Louis Lagrange???
85.8%
Joseph Fourier???
85.4%
Robert Schumann???
85.4%
Carl Gauss???
85.4%
Jacob Bernoulli???
83.9%
Bernhard Riemann???
83.4%
Felix Mendelssohn???
83.2%
Niels Abel???
83.2%
Henri Poincaré???
83.1%
Augustin Cauchy???
82.2%
Evariste Galois???
82%
David Hilbert???
81.6%
Carl Jacobi???
80.3%
Antonin Dvorak???
80.1%
Gottfried Leibniz???
79.8%
Karl Weierstrass???
75.8%
Gustav Mahler???
74.7%
Hector Berlioz???
69.2%
Georg Cantor???
68.6%

You're not logged in!

Compare scores with friends on all Sporcle quizzes.
OR
Log In

You Might Also Like...

Show Comments

Extras

Top Quizzes Today


Score Distribution

Your Account Isn't Verified!

In order to create a playlist on Sporcle, you need to verify the email address you used during registration. Go to your Sporcle Settings to finish the process.

Report this User

Report this user for behavior that violates our Community Guidelines.

Details: